000 02935nab a2200349 i 4500
003 BR-BrBNA
005 20230921154550.0
008 230801b2020 bl.ar|pooa||| 00| 0 eng |
040 _aBR-BrBNA
_beng
072 _aH60
_b0430
072 _aT01
_b0336
072 _aH10
100 _aFrancischini, A.C.
100 _aConstantin, J.
100 _aMatte, W.D.
100 _aOliveira Junior, R.S.
100 _aMachado, F.G.
100 _aMorota, F.K.
245 _aCarryover of herbicides used in cotton stalk control on soybean cultivated in succession
500 _aPublicação on-line; 25 ref.; 11 tables; 3 illus.; Summary (En)
520 _a ABSTRACT Background: Information on the carryover of herbicides applied to the destruction of cotton stalks, as well as the withdrawal period necessary to prevent the development and productivity of the crop in succession from being affected are limited in the literature. Objective: The objective was to identify the carryover effect promoted by herbicides used in the management of the destruction of cotton stalks and to estimate the host free period for sowing soybean in succession. Methods: Two individual experiments were conducted simultaneously, one for single application and the other for sequential application of herbicide treatments. The experiments were installed in a factorial scheme (15x5), in a randomized block design with four replications. The first factor evaluated was herbicide treatments and the second factor was five soybean sowing times after application (0, 30, 60, 90 and 120 days). The herbicides used in the treatments were 2,4-D, glyphosate, saflufenacil, [imazapic + imazapyr], dicamba, fluroxypyr and sulfentrazone. Results: As this work was conducted, the results provide a carryover indicator. It is concluded that the single application and the sequential application of the glyphosate + dicamba + saflufenacil treatment has great carryover potential for soybean crops, with the host free period for sowing the crop exceeding 120 days after application. Conclusions: The treatments 2,4-D, 2,4-D + glyphosate, glyphosate + saflufenacil + fluroxypyr had the lowest host free period intervals, even when in sequential application. The treatment with application of 2,4-D alone showed the lowest carryover potential for soybean. Keywords: residual activity safety interval synthetic auxins
650 _aHERBICIDA
650 _aRESÍDUO
650 _aAUXINA
650 _aALGODÃO
650 _aSOJA
650 _aCULTIVO CONTÍNUO
773 0 _0886
_91817
_dLondrina-PR : Sociedade Brasileira da Ciência das Plantas Daninhas, 1978
_o2023-031024
_tPlanta Daninha (Brazil)
_x0100-8358; 1806-9681 (on-line)
_gv. 38 p. 1-12; (2020)
_wBR2023000829
856 _uhttps://www.scielo.br/j/pd/a/VGFQ4bcj3vyQ54bdbJgDY6n/?format=pdf&lang=en
942 _cAnalítica
999 _c9719
_d9719